000 00915nam a2200253Ia 4500
003 OSt
005 20221005112300.0
006 a|||||r|||| 00| 0
007 ta
008 221004b |||||||| |||| 00| 0 pan d
020 _a9788178564166 (hbk)
_c200
024 _a13979
037 _b875, 14/08/2014, H.K. Prakashan
_cTextual
040 _aCRL
_cCRL
_bpan
041 _2pan
_apan
082 _aO153,1NRA:g, Q4
100 _aਗੁਰਪ੍ਰੀਤ ਕੌਰ
245 0 _aਇਕਬਾਲ ਰਾਮੂਵਾਲੀਆ ਦਾ ਕਾਵਿ ਲੋਕ
260 _aਅੰਮ੍ਰਿਤਸਰ
_bਵਾਰਿਸ Fਾਹ ਖ਼ਾਉ੍ਵਡੇFਨ ਭਾਰਤ
_c2014
300 _a112ਪੰ
_ccm.
650 _aਪੰਜਾਬੀ ਸਾਹਿਤ
942 _hO153,1NRA:g, Q4
_cTEXL
_2cc
999 _c1024406
_d1024406